Data mining dolovanie z dát vo výrobnom podniku
Vhodnosť, použitie a fungovanie integrovaného procesu dolovania z dát vo výrobe a výrobnom podniku. Vzťahy medzi jednotlivými procesmi alebo zariadeniami s cieľom zlepšenia kvality výrobku alebo zavedenia pružnejšieho výrobného systému.
Salvato in:
| Autore principale: | |
|---|---|
| Natura: | Capitolo di libro |
| Lingua: | slovacco |
| Soggetti: | |
| Tags: |
Nessun Tag, puoi essere il primo ad aggiungerne!!
|
MARC
| LEADER | 00000nla a2200000 4500 | ||
|---|---|---|---|
| 001 | 0151719 | ||
| 005 | 20221104125806.8 | ||
| 041 | 0 | |a slo | |
| 044 | |a CZ | ||
| 245 | 1 | 0 | |a Data mining dolovanie z dát vo výrobnom podniku |c Marián Hricko |
| 520 | |a Vhodnosť, použitie a fungovanie integrovaného procesu dolovania z dát vo výrobe a výrobnom podniku. Vzťahy medzi jednotlivými procesmi alebo zariadeniami s cieľom zlepšenia kvality výrobku alebo zavedenia pružnejšieho výrobného systému. | ||
| 610 | 2 | 0 | |a systémy databázové |
| 610 | 2 | 0 | |a dolovanie dát |
| 610 | 2 | 0 | |a uchovávanie dát |
| 610 | 2 | 0 | |a báza dát |
| 610 | 2 | 0 | |a vstupy |
| 610 | 2 | 0 | |a výstupy |
| 610 | 2 | 0 | |a zdroje informácií |
| 610 | 2 | 0 | |a získavanie informácií |
| 610 | 2 | 0 | |a triedenie informácií |
| 610 | 2 | 0 | |a podnik výrobný |
| 610 | 2 | 0 | |a výroba |
| 100 | 1 | |a Hricko, Marián, 1982- | |